High school musical lyrics!!!!!!!!!! - Statistics

General Stats
  • This quiz has been taken 783 times
  • The average score is 5 of 6
Answer Stats
Hint Answer % Correct
"There's not a star in heaven that we can't reach" Breaking free
96%
"It feels so right to be here with you, and now looking in your eyes" Start of something new
84%
"You know the words once upon a time, make you listen" You are the music in me
83%
"Once we know that we are, we're all stars and we see that" We're all in this together
81%
"I've gotta say what's on my mind, something about you just doesn't feel right these days" Gotta go my own way
80%
"Look at me and what do you see, intelligence beyond compare" Status quo
50%
No matching quizzes found
Score Distribution
Percent of People with Each Score
Percentile by Number Answered
Your Score History
You have not taken this quiz